Devinez le joueur de foot (2) - Statistiques

Statistiques générales
  • Ce quiz a été pris 95 fois
  • Le résultat moyen est 11 sur 25
Statistiques - réponses
Carrière Poste Pied fort Joueur % Correct
Marseille > Arsenal > Manchester City > Séville FC > Antalyaspor > West Ham Utd > RSC Anderlecht > Fin de carrière Milieu Droit Samir Nasri
84%
Atlético Madrid > Manchester Utd > Fiorentina Goal Droit David de Gea
81%
Santos > Real Madrid Attaquant Droit Rodrygo
69%
Olympique Lyonnais > Chelsea Défenseur Droit Malo Gusto
65%
Atlético Madrid Milieu Droit Koke
61%
Bayern Munich > Bayer Leverkusen > Bayern Munich > Real Madrid Milieu Droit Tony Kroos
61%
Schalke 04 > Werder Bremen > Real Madrid > Arsenal > Fenerbahçe > Basaksehir > Fin de carrière Milieu Gauche Mesut Özil
58%
SM Caen > FC Lorient > Dortmund > Bayern Munich Défenseur Gauche Raphaël Guerreiro
58%
Sparta Prague > Stade Rennais > Chelsea > Arsenal > Fin de carrière Goal Gauche Petr Cech
56%
FC Groningen > Celtic Glasgow > Southampton > Liverpool Défenseur Droit Virgil van Dijk
56%
Queen's Park FC > Dundee United > Hull city > Liverpool Défenseur Gauche Andrew Robertson
49%
Real Sociedad Attaquant Gauche Mikel Oyarzabal
49%
Barcelone > Atlético Madrid > Genoa > Inter Milan > PSG > Fin de carrière Milieu Gauche Thiago Motta
47%
AS Monaco > LOSC Lille > Olympique Lyonnais > Barcelone > AS Monaco > Olympiakós > Fin de carrière Défenseur Gauche Eric Abidal
45%
FC São Paulo > Internacional > Chelsea > SH Port > FC São Paulo Milieu Droit Oscar
40%
Hellas Verona > Udinese > Hellas Verona > Tottenham Défenseur Gauche Destiny Udogie
34%
Ajax > Barcelone > AC Milan > Barcelone > PSV Eindhoven > Barcelone > PSV Eindhoven Défenseur Droit Sergiño Dest
30%
Monaco Attaquant Droit Eliesse Ben Seghir
29%
Ajax > Atlético Madrid > Southampton > Atlético Madrid > Tottenham > Al-Duhail SC > Royal Antwerp > Fin de carrière Défenseur Droit Toby Alderweireld
25%
Piacenza> Verona > Piacenza > AC Parma > Atalanta BC > Juventus Turin > AC Milan > Fin de carrière Attaquant Droit Filippo Inzaghi
22%
RB Salzbourg > FC Liefering > RB Salzbourg > Dortmund Attaquant Gauche Karim Adeyemi
22%
Tottenham > Arsenal > FC Portsmouth > Notts County > Arsenal > Newcastle Utd > Fin de carrière Défenseur Droit Sol Campbell
22%
Barcelone > Como Milieu Droit Sergi Roberto
21%
Enugu Rangers > B. Neunkirchen > E. Francfort > Fenerbahçe > Paris SG > Bolton > Qatar SC > Hull city > Durgapur > Fin de carrière Milieu Droit Jay-Jay Okocha
9%
Banfield > Huracan TA > Banfield > Boca Juniors > Genoa > Inter Milan > FC Bologna > Brescia > Fin de carrière Attaquant Droit Rodrigo Palacio
8%
Aucun quiz correspondant
Distribution des résultats
% des personnes avec chaque résultat
Percentile par nombre de réponses
Votre historique - résultats
Vous n’avez pas pris ce quiz